Buteurs Real Madrid LDC 2023/2024 - Statistiques

Statistiques générales
  • Ce quiz a été pris 172 fois
  • Le résultat moyen est 6 sur 9
Statistiques - réponses
Nombre de but Buteur % Correct
6 Vinicius Junior
99%
5 Rodrygo
93%
4 Jude Bellingham
91%
5 Joselu
86%
1 Daniel Carvajal
80%
1 Federico Valverde
71%
2 Brahim Diaz
59%
1 Dani Ceballos
25%
1 Nico Paz
18%
Aucun quiz correspondant
Distribution des résultats
% des personnes avec chaque résultat
Percentile par nombre de réponses
Votre historique - résultats
Vous n’avez pas pris ce quiz